| 000 | 01146nas a2200373 4500 | ||
|---|---|---|---|
| 001 | BR2015005305 | ||
| 003 | BR-BrBNA | ||
| 005 | 20231205125722.0 | ||
| 007 | ta | ||
| 008 | 230509b bl.|||p| |||| 00| 00por d | ||
| 040 |
_aBR-BrBNA _bpor _cBiblioteca Nacional de Agricultura |
||
| 041 | _a(Pt) | ||
| 072 | _aL73; U30 | ||
| 100 | 1 | _aLuz, M.A. | |
| 100 | 1 | _aBezerra, D.A. | |
| 100 | 1 | _aSilva, R.R. da | |
| 100 | 1 | _aGuerreiro, A. do N. | |
| 100 | 1 | _aSeixas, L. dos S. | |
| 100 | 1 | _aBastos, R.K.G. | |
| 100 | 1 | _aMascarenhas, J.D.P. | |
| 100 | 1 | _aMoraes, C.C.G. de | |
| 100 | 1 | _aSouza, N.F. de | |
| 100 | 1 | _aMeneses, A.M.C. | |
| 245 | 1 | _aPesquisa de rotavírus em aves silvestres da região amazônica mantidos em cativeira no estado do Pará, Brasil | |
| 650 | _aAVE SELVAGEM | ||
| 650 | _aROTAVÍRUS | ||
| 650 | _aFEZES | ||
| 650 | _aANÁLISE DE LABORATÓRIO | ||
| 650 | _aPESQUISA | ||
| 650 | _aDOENÇA ANIMAL | ||
| 773 | 0 |
_tRevista Brasileira de Medicina Veterinária (Brazil) _xISSN 0100-2430 _g(Apr-Jun 2014), v. 36(2) p. 167-173 _wBR2015005305 |
|
| 909 |
_a202311 _bLúcia _c55 _dLúcia Elande |
||
| 942 |
_2AGRIS _n0 _cANA |
||
| 999 |
_c245755 _d245755 |
||